000 00514nam a2200181 4500
001 127956
003 ES-MaACL
005 20230906193128.0
007 t|
008 070214s1970 sp r ||||1| cat d
100 1 _aRíos, Mateo.
_997374
245 1 3 _aLa nostra juventut /
_cMateo Ríos ; traducción de Fredéric Larreula.
250 _a1ª. ed.
260 _aBarcelona :
_bBruguera,
_c1970.
300 _a108 p. ;
_c18 cm.
700 1 _aLarreula, Fredéric.
_970348
852 _aES-MaACL
_jC-44321
_bR.76186
999 _c127956
_d127956